000 00237nam a2200097Ia 4500
001 643414
005 20250826153545.0
008 250824s9999 xx 000 0 und d
245 0 _aYARALI SERÇE
_cHASAN NAİL CANAT
260 _bGENÇ TİMAŞ
999 _c643414
_d643414